HIGH COURT CRIMINAL SESSION NO.97 OF 1974 Uganda Vs Yowana Kalungi (Record no. 7946)

MARC details
000 -LEADER
fixed length control field 00307nam a22000977a 4500
008 - FIXED-LENGTH DATA ELEMENTS--GENERAL INFORMATION
fixed length control field 150720b xxu||||| |||| 00| 0 eng d
010 ## - LIBRARY OF CONGRESS CONTROL NUMBER
Field link and sequence number HCCRS ARF:030
245 ## - TITLE STATEMENT
Title HIGH COURT CRIMINAL SESSION NO.97 OF 1974 Uganda Vs Yowana Kalungi
260 ## - PUBLICATION, DISTRIBUTION, ETC. (IMPRINT)
Place of publication, distribution, etc High Court Kampala
500 ## - GENERAL NOTE
Materials specified Before: Hon. Mr. Justice M.Saied.<br/>
Holdings
Withdrawn status Lost status Source of classification or shelving scheme Damaged status Koha normalized classification for sorting Not for loan Location (home branch) Sublocation or collection (holding branch) Shelving location Date acquired Koha issues (times borrowed) Koha full call number Piece designation (barcode) Koha date last seen Price effective from Koha item type Public note
    Dewey Decimal Classification   HCCRS_ARF030   Archives Archives Archives 07/20/2015   HCCRS ARF:030 2972/2015 07/20/2015 07/20/2015 Un Reported Cases Judgement was entered on 13th June 1974
    Dewey Decimal Classification   HCCRS_ARF030   Archives Archives Archives 07/20/2015   HCCRS ARF:030 2973/2015 07/20/2015 07/20/2015 Un Reported Cases Judgement was entered on 13th June 1974